00301nam a2200121Ia 4500008004100000082001700041100001300058245003300071250000800104260004200112300000800154650001700162191201s2011 xx 000 0 und d a629.831bGOM aGOPAL, M 0aModern Control System Theory aRep aN. DelhibNew Age Internationalc2011 a688 aM.Tech (ECE)